<?xml version="1.0" encoding="UTF-8"?>
<record
    xmlns:xsi="http://www.w3.org/2001/XMLSchema-instance"
    xsi:schemaLocation="http://www.loc.gov/MARC21/slim http://www.loc.gov/standards/marcxml/schema/MARC21slim.xsd"
    xmlns="http://www.loc.gov/MARC21/slim">

  <leader>00655nam a2200205 a 4500</leader>
  <controlfield tag="001">BRCA_2595</controlfield>
  <controlfield tag="005">20190320203900.0</controlfield>
  <controlfield tag="008">281108s1914----gw-#---###---#000-0#ger-#</controlfield>
  <datafield tag="050" ind1=" " ind2="4">
    <subfield code="a">NE1030</subfield>
    <subfield code="b">.B83</subfield>
    <subfield code="c">1914</subfield>
  </datafield>
  <datafield tag="100" ind1="1" ind2=" ">
    <subfield code="a">Bucherer, Max</subfield>
    <subfield code="9">7408</subfield>
  </datafield>
  <datafield tag="245" ind1="1" ind2="0">
    <subfield code="a">Der Original-holzschnitt</subfield>
    <subfield code="b">Eine Einfuhrung in sein Wesen v. seine Technik</subfield>
    <subfield code="c">von Max Bucherer und Fritz Ehlotzky</subfield>
  </datafield>
  <datafield tag="260" ind1=" " ind2=" ">
    <subfield code="a">Munich</subfield>
    <subfield code="b">E. Reinhardt</subfield>
    <subfield code="c">1914</subfield>
  </datafield>
  <datafield tag="300" ind1=" " ind2=" ">
    <subfield code="a">122 p.</subfield>
    <subfield code="b">il., l&#xE1;minas, grabados</subfield>
    <subfield code="c">27 cm.</subfield>
  </datafield>
  <datafield tag="500" ind1=" " ind2=" ">
    <subfield code="a">A67</subfield>
  </datafield>
  <datafield tag="650" ind1="1" ind2="4">
    <subfield code="a">Grabado en madera</subfield>
    <subfield code="e">Historia</subfield>
    <subfield code="9">7409</subfield>
  </datafield>
  <datafield tag="650" ind1="1" ind2="4">
    <subfield code="a">Grabado en madera</subfield>
    <subfield code="e">T&#xE9;cnica</subfield>
    <subfield code="9">7409</subfield>
  </datafield>
  <datafield tag="700" ind1="1" ind2=" ">
    <subfield code="a">Ehlotzky,  Fritz</subfield>
    <subfield code="9">7410</subfield>
  </datafield>
  <datafield tag="902" ind1=" " ind2=" ">
    <subfield code="a">GFM</subfield>
  </datafield>
  <datafield tag="942" ind1=" " ind2=" ">
    <subfield code="2">lcc</subfield>
    <subfield code="c">B</subfield>
  </datafield>
  <datafield tag="999" ind1=" " ind2=" ">
    <subfield code="c">2335</subfield>
    <subfield code="d">2335</subfield>
  </datafield>
  <datafield tag="952" ind1=" " ind2=" ">
    <subfield code="0">0</subfield>
    <subfield code="1">0</subfield>
    <subfield code="4">0</subfield>
    <subfield code="7">0</subfield>
    <subfield code="a">BRCA</subfield>
    <subfield code="b">BRCA</subfield>
    <subfield code="d">2008-11-28</subfield>
    <subfield code="i">A67</subfield>
    <subfield code="l">0</subfield>
    <subfield code="o">NE1030 .B83 1914 (A67)</subfield>
    <subfield code="p">2592</subfield>
    <subfield code="r">2019-03-22 00:00:00</subfield>
    <subfield code="w">2019-03-22</subfield>
    <subfield code="y">B</subfield>
  </datafield>
</record>
